Which Is Worse? Quiz Stats

 Plays Quiz not verified by Sporcle

Challenge
Share
Tweet
Embed
Score 0/30 Timer 03:00
0 Plays Today
Category Answer % Correct
Which Is Worse 66b) Parent's diaper
93%
Which Is Worse 1313a) Losing a lover
76%
Which Is Worse 1515b) Born blind
71%
Which Is Worse 33b) When you'll die
70.5%
Which Is Worse 11b) Opposite sex
63.8%
Which Is Worse 99b) Something you didn’t do
63.5%
Which Is Worse 1414b) Spiders
63%
Which Is Worse 55a) There is no God
60.7%
Which Is Worse 1010b) Bowels
60.2%
Which Is Worse 77b) Not brushing teeth
57.9%
Which Is Worse 88a) Ignorance
57.4%
Which Is Worse 1212b) Mac
56.3%
Which Is Worse 44b) Fingernails
55.7%
Which Is Worse 22b) Catching your parents
55.4%
Which Is Worse 22a) Getting caught
53.2%
Category Answer % Correct
Which Is Worse 1111b) Losing an arm
53.2%
Which Is Worse 44a) Teeth
50.7%
Which Is Worse 1111a) Losing a leg
50.7%
Which Is Worse 11a) Same sex
50.1%
Which Is Worse 77a) Not showering
46%
Which Is Worse 1212a) PC
46%
Which Is Worse 88b) Apathy
45.4%
Which Is Worse 55b) There is a God
44.8%
Which Is Worse 1010a) Movement
44%
Which Is Worse 99a) Something you did
40.7%
Which Is Worse 33a) How you'll die
37.6%
Which Is Worse 1414a) Bats
37.3%
Which Is Worse 1515a) Born deaf
29.8%
Which Is Worse 1313b) Loving a loser
25.3%
Which Is Worse 66a) Baby's diaper
11.1%

You're not logged in!

Compare scores with friends on all Sporcle quizzes.
Join for Free
OR
Log In

You Might Also Like...

Show Comments

Extras

Created Jan 10, 2011ReportFavoriteNominate
Tags:category, item, opinion, worse

Top Quizzes Today


Score Distribution

Your Account Isn't Verified!

In order to create a playlist on Sporcle, you need to verify the email address you used during registration. Go to your Sporcle Settings to finish the process.

Report this User

Report this user for behavior that violates our Community Guidelines.

Details: